000 00688nam a2200217 a 4500
005 20210223125204.0
008 031016s1995 mx r 000 0 spa d
020 _a8482110209
035 _aUPN01000130246
049 _aI
050 4 _aTK6143 B4
_bP3.2
100 1 _aParker, Steve,
_d1952-
_928596
245 1 0 _aAlexander Graham Bell y el télefono /
_cSteve Parker ; tr. Francisco Gracia.
260 _aMadrid :
_bCeleste,
_cc1995.
300 _a32 p. :
_bil., col.
440 0 _aPioneros de la ciencia
534 _pTraducción de:
_tAlexander Graham Bell and the telephone
600 1 4 _aBELL, ALEXANDER GRAHAM,
_d1847-1922
650 4 _aTELEFONO -
_xHISTORIA
905 _aInfantil
999 _c102403
_d102403